[Event "ICS rated blitz match"]
[Site "204.178.125.65"]
[Date "2001.09.19"]
[Round "?"]
[White "Hossa"]
[Black "Tinker"]
[Result "1/2-1/2"]
[WhiteElo "2626"]
[BlackElo "2501"]
[PlyCount "249"]
[EventDate "2001.??.??"]

1. d4 Nf6 2. c4 e6 3. Nf3 d5 4. Nc3 Be7 5. Bf4 c5 6. dxc5 Bxc5 7. e3 Nc6 8. Be2
O-O 9. O-O dxc4 10. Qxd8 Rxd8 11. Bxc4 Nd5 12. Nxd5 exd5 13. Bb3 Bg4 14. Rac1
Bb4 15. Rfd1 d4 16. Bc4 Bxf3 17. gxf3 dxe3 18. fxe3 Bd2 19. Rb1 Rac8 20. Kf1
Na5 21. Bb5 a6 22. Ke2 Bxe3 23. Rxd8+ Rxd8 24. Bc7 Rd5 25. Bd3 Bg5 26. Rd1 Rc5
27. Bb6 Re5+ 28. Kf1 Nc6 29. Bc7 Rc5 30. f4 Be7 31. Bb6 Rh5 32. Kg2 Kf8 33. Be2
Rh6 34. Rd7 Rd6 35. Rxb7 Rd2 36. Kf3 Rxb2 37. Bxa6 Rxa2 38. Bb5 Nd8 39. Bxd8
Bxd8 40. Bc4 Rc2 41. Rxf7+ Ke8 42. Be6 Rc6 43. Bd5 Rc5 44. Rf5 Ke7 45. Ke4 Ra5
46. Re5+ Kd6 47. Bg8 Ra4+ 48. Kf3 Bf6 49. Re6+ Kd7 50. Re3 h6 51. Bf7 Be7 52.
Re2 Rb4 53. Bg6 Bd6 54. Re4 Rxe4 55. Kxe4 Be7 56. Bf7 Kd6 57. Bd5 Bf6 58. Bc4
Kc5 59. Bf7 Bd8 60. Bg6 Kc4 61. Be8 Be7 62. Bf7+ Kc5 63. Bd5 Bd6 64. h4 Bxf4
65. Kxf4 Kxd5 66. Kf5 h5 67. Kg6 Ke6 68. Kg5 g6 69. Kf4 g5+ 70. Kxg5 Kf7 71.
Kxh5 Kg8 72. Kh6 Kh8 73. h5 Kg8 74. Kg6 Kh8 75. h6 Kg8 76. Kh5 Kh8 77. Kg5 Kg8
78. Kh4 Kh8 79. Kh5 Kg8 80. Kg6 Kh8 81. Kf7 Kh7 82. Kf8 Kh8 83. Ke8 Kg8 84. Kd8
Kh8 85. Ke7 Kg8 86. Kf6 Kh8 87. Ke6 Kg8 88. Kf5 Kh8 89. Kg4 Kg8 90. Kh3 Kh8 91.
Kg3 Kg8 92. Kh2 Kh8 93. Kg2 Kg8 94. Kh1 Kh8 95. Kg1 Kg8 96. Kg2 Kh8 97. Kf3 Kg8
98. Kg3 Kh8 99. Kf4 Kg8 100. Kg4 Kh8 101. Kf5 Kg8 102. Kg5 Kh8 103. Kf6 Kg8
104. Ke7 Kh8 105. Kf8 Kh7 106. Ke8 Kh8 107. Kd7 Kg8 108. Ke6 Kh8 109. Kd6 Kg8
110. Ke5 Kh8 111. Kd5 Kg8 112. Ke4 Kh8 113. Kd4 Kg8 114. Ke3 Kh8 115. Kf2 Kg8
116. Kg1 Kh8 117. Kf1 Kg8 118. Kf2 Kh8 119. Ke3 Kg8 120. Kf3 Kh8 121. Ke4 Kg8
122. Kf4 Kh8 123. Ke5 Kg8 124. Kd6 Kh8 125. Kc7 {Game drawn by the 50 move rule
} 1/2-1/2

[Event "ICS rated blitz match"]
[Site "204.178.125.65"]
[Date "2001.09.19"]
[Round "?"]
[White "PostModernist"]
[Black "Hossa"]
[Result "1-0"]
[WhiteElo "2729"]
[BlackElo "2620"]
[PlyCount "92"]
[EventDate "2001.??.??"]

1. c4 Nf6 2. Nc3 e5 3. Nf3 d6 4. d4 Nbd7 5. Bg5 exd4 6. Nxd4 Be7 7. e3 Ne5 8.
Qd2 O-O 9. f4 Ned7 10. Be2 Nc5 11. Bxf6 Bxf6 12. O-O-O Re8 13. Bf3 a5 14. g4
Bd7 15. g5 Be7 16. h4 a4 17. h5 Be6 18. Nxe6 fxe6 19. h6 g6 20. Ne4 Nxe4 21.
Bxe4 Rf8 22. Qc3 Rf7 23. Bxb7 Ra7 24. Bc6 Ra6 25. Bb5 Ra7 26. c5 d5 27. e4 c6
28. Bxc6 Qc7 29. exd5 Qxf4+ 30. Kb1 Qxg5 31. dxe6 Qf5+ 32. Ka1 Rf6 33. Rd7 Rxd7
34. exd7 Kf8 35. Rd1 Qg5 36. Qd4 Bd8 37. Qe4 Qxh6 38. Qe8+ Kg7 39. Qxd8 Rf7 40.
Qe8 Qg5 41. d8=Q Qxd8 42. Qxd8 h5 43. Be8 Ra7 44. Qg5 Rf7 45. Bxf7 a3 46. Qxg6+
Kf8 {Hossa resigns} 1-0

[Event "ICS rated blitz match"]
[Site "204.178.125.65"]
[Date "2001.09.19"]
[Round "?"]
[White "Hossa"]
[Black "star2"]
[Result "0-1"]
[WhiteElo "2609"]
[BlackElo "2820"]
[PlyCount "137"]
[EventDate "2001.??.??"]

1. e4 e5 2. Nf3 Nc6 3. Bc4 Be7 4. d4 d6 5. dxe5 dxe5 6. Qxd8+ Bxd8 7. Nc3 Bg4
8. Bb5 Bf6 9. Bxc6+ bxc6 10. Be3 Ne7 11. Rd1 O-O 12. h3 Be6 13. Bg5 Rad8 14.
Bxf6 gxf6 15. Ke2 Ng6 16. Ke3 Kg7 17. Rxd8 Rxd8 18. h4 h5 19. g3 f5 20. Ng5 Bc8
21. Kf3 f6 22. exf5 Bxf5 23. Nge4 Ne7 24. Rc1 Nd5 25. Ke2 a5 26. a4 Kf7 27. f3
Rg8 28. Kf2 Nxc3 29. Nxc3 c5 30. Nd5 Rd8 31. Ne3 Be6 32. b3 Rd2+ 33. Ke1 Rd4
34. Rb1 f5 35. Nf1 f4 36. Kf2 Kf6 37. c4 Bh3 38. gxf4 exf4 39. Rb2 Rd1 40. Nd2
Bf5 41. Ra2 Ke5 42. Ne4 Bxe4 43. Re2 Rd4 44. Re1 c6 45. Kg2 Kf5 46. fxe4+ Kg4
47. Kf2 Rd2+ 48. Re2 Rxe2+ 49. Kxe2 Kxh4 50. Kf3 Kg5 51. e5 Kf5 52. e6 Kxe6 53.
Kxf4 h4 54. Kg4 Ke5 55. Kh3 Kd4 56. Kxh4 Kc3 57. Kg5 Kxb3 58. Kf5 Kxa4 59. Ke5
Kb3 60. Kd6 Kxc4 61. Ke5 a4 62. Kf4 a3 63. Ke4 a2 64. Kf4 a1=Q 65. Ke4 Qf6 66.
Ke3 Qf5 67. Ke2 Kd4 68. Kd1 Kd3 69. Ke1 {Hossa resigns} 0-1

[Event "ICS rated blitz match"]
[Site "204.178.125.65"]
[Date "2001.09.19"]
[Round "?"]
[White "PostModernist"]
[Black "Hossa"]
[Result "1-0"]
[WhiteElo "2741"]
[BlackElo "2602"]
[PlyCount "55"]
[EventDate "2001.??.??"]

1. e4 c5 2. Nc3 Nc6 3. Nf3 d6 4. d4 cxd4 5. Nxd4 Nf6 6. Bg5 e6 7. Qd3 Qb6 8.
Nxc6 bxc6 9. O-O-O Rb8 10. b3 Ng4 11. Qf3 f6 12. Qxg4 h5 13. Qg3 fxg5 14. e5 d5
15. Qxg5 Ba3+ 16. Kb1 O-O 17. Bd3 Ba6 18. Bg6 Rxf2 19. Qxh5 Rf4 20. g3 Rf2 21.
Ne4 Bb2 22. Kxb2 Rf5 23. Nf6+ Rxf6 24. exf6 Qxb3+ 25. axb3 Rxb3+ 26. cxb3 gxf6
27. Qh7+ Kf8 28. Qf7# {Hossa checkmated} 1-0

[Event "ICS rated blitz match"]
[Site "204.178.125.65"]
[Date "2001.09.19"]
[Round "?"]
[White "picur"]
[Black "Hossa"]
[Result "0-1"]
[WhiteElo "2165"]
[BlackElo "2593"]
[PlyCount "132"]
[EventDate "2001.??.??"]

1. e4 e5 2. d4 exd4 3. Nf3 Bb4+ 4. c3 dxc3 5. bxc3 Bc5 6. Bc4 d6 7. O-O Nc6 8.
Bg5 Nge7 9. Nbd2 O-O 10. Nb3 Ba3 11. h3 Bb2 12. Rb1 Bxc3 13. Qc2 Bb4 14. Nbd4
Nxd4 15. Nxd4 a5 16. Rfd1 Bd7 17. Nf3 Rc8 18. e5 h6 19. Bh4 Qe8 20. a3 Bxa3 21.
Rxb7 Ba4 22. Bb3 Bc6 23. Bxe7 Bxf3 24. Bxf8 Bxb7 25. Bxg7 Kxg7 26. exd6 cxd6
27. Qd3 Qe4 28. Qxe4 Bxe4 29. Re1 Rc1 30. Rxc1 Bxc1 31. f3 Bc6 32. Kf2 a4 33.
Ba2 a3 34. Ke2 Bf4 35. Kd3 Bb5+ 36. Ke4 Bg3 37. f4 Bc6+ 38. Ke3 Bxg2 39. f5 Kf6
40. Ke2 Bxh3 41. Ke3 Bxf5 42. Kf3 Be6 43. Bb1 Be5 44. Ke3 d5 45. Kf3 d4 46. Ke2
d3+ 47. Kxd3 Bf5+ 48. Kc4 Bxb1 49. Kb3 Ba2+ 50. Kxa2 h5 51. Kxa3 Kg5 52. Kb3
Kh4 53. Kc4 Kg3 54. Kd3 Kf2 55. Ke4 Kf1 56. Kxe5 h4 57. Kf4 Kg2 58. Kg4 h3 59.
Kf5 h2 60. Kf6 Kf3 61. Kxf7 Ke4 62. Kf6 h1=Q 63. Ke6 Qd1 64. Kf6 Qd7 65. Kg5
Qg7+ 66. Kh4 Kf4 {picur resigns} 0-1

[Event "ICS rated blitz match"]
[Site "204.178.125.65"]
[Date "2001.09.19"]
[Round "?"]
[White "Hossa"]
[Black "picur"]
[Result "1-0"]
[WhiteElo "2596"]
[BlackElo "2162"]
[PlyCount "91"]
[EventDate "2001.??.??"]

1. c4 c5 2. Nc3 e6 3. Nf3 Nc6 4. e4 d6 5. Be2 e5 6. d3 Be7 7. Be3 Be6 8. O-O h6
9. Nd5 Bxd5 10. cxd5 Nd4 11. Nxd4 cxd4 12. Bd2 Nf6 13. f4 Nd7 14. fxe5 dxe5 15.
Bg4 O-O 16. Rc1 Nf6 17. Bh3 Bd6 18. Qf3 Kh7 19. Qf5+ Kg8 20. Bxh6 gxh6 21. Qxf6
Qxf6 22. Rxf6 Rad8 23. Rxh6 Kg7 24. Rh4 Be7 25. Rg4+ Kh8 26. Rc7 Bd6 27. Rxb7
Rb8 28. Rd7 Bb4 29. Rxa7 Bd2 30. b3 Be3+ 31. Kh1 Rbc8 32. Rh4+ Kg7 33. Bxc8
Rxc8 34. g3 Rc1+ 35. Kg2 Rc2+ 36. Kh3 Bg5 37. Rh5 Kg6 38. Ra6+ f6 39. Kg4 Rd2
40. Rxg5+ Kf7 41. Ra7+ Kf8 42. Rh5 Kg8 43. d6 Rf2 44. d7 f5+ 45. exf5 Kf7 46.
d8=Q# {picur checkmated} 1-0

[Event "ICS rated blitz match"]
[Site "204.178.125.65"]
[Date "2001.09.19"]
[Round "?"]
[White "picur"]
[Black "Hossa"]
[Result "0-1"]
[WhiteElo "2160"]
[BlackElo "2598"]
[PlyCount "34"]
[EventDate "2001.??.??"]

1. e4 e5 2. d4 exd4 3. Nf3 Nc6 4. Bc4 Nf6 5. Qe2 Be7 6. e5 Ng8 7. O-O d6 8. Bf4
d5 9. Bd3 Bg4 10. h3 Bh5 11. Nbd2 g5 12. Bg3 Qd7 13. Bb5 a6 14. Bxc6 Qxc6 15.
Qd3 Bg6 16. Qxd4 O-O-O 17. Qa7 Bc5 {picur resigns} 0-1

[Event "ICS rated blitz match"]
[Site "204.178.125.65"]
[Date "2001.09.19"]
[Round "?"]
[White "Hossa"]
[Black "picur"]
[Result "1-0"]
[WhiteElo "2600"]
[BlackElo "2158"]
[PlyCount "109"]
[EventDate "2001.??.??"]

1. d4 e5 2. dxe5 Nc6 3. Nf3 Qe7 4. Qd5 Nb4 5. Qd2 Nc6 6. Qc3 Qe6 7. a3 Nge7 8.
b3 Ng6 9. Bb2 Be7 10. e4 Nf4 11. Nbd2 Qg6 12. O-O-O Ne6 13. h4 Qh6 14. g3 b6
15. Kb1 Bb7 16. h5 g6 17. Bh3 Qg7 18. Qc4 O-O-O 19. Bg4 h6 20. hxg6 Qxg6 21.
Bf5 Qg7 22. Qe2 Kb8 23. Nc4 a5 24. a4 Nb4 25. Nd4 Nxd4 26. Rxd4 Bc6 27. c3 Na6
28. Nxa5 Nc5 29. Nxc6+ dxc6 30. Kc2 Kb7 31. Qc4 Qxe5 32. Qxf7 Bf6 33. f4 Qe7
34. Qxe7 Bxe7 35. Rxd8 Rxd8 36. Rxh6 Bf8 37. Rh1 Nd3 38. Rd1 Ne1+ 39. Rxe1 c5
40. Rd1 Rxd1 41. Kxd1 Kc6 42. c4 Kd6 43. Be5+ Kc6 44. Bc8 Be7 45. g4 Bf8 46. g5
b5 47. cxb5+ Kb6 48. Bd7 Ka5 49. Bxc7+ Kb4 50. b6 Kxb3 51. b7 Kc3 52. b8=Q Kd3
53. Qb3+ Kxe4 54. Ke2 Bg7 55. Qd3# {picur checkmated} 1-0

[Event "ICS rated blitz match"]
[Site "204.178.125.65"]
[Date "2001.09.19"]
[Round "?"]
[White "picur"]
[Black "Hossa"]
[Result "0-1"]
[WhiteElo "2156"]
[BlackElo "2602"]
[PlyCount "59"]
[EventDate "2001.??.??"]

1. d4 Nf6 2. Nf3 e6 3. g3 b5 4. Bg2 Bb7 5. c3 Be7 6. O-O O-O 7. Bg5 a5 8. Nbd2
a4 9. Bxf6 Bxf6 10. e4 d6 11. Qe2 Qd7 12. e5 Be7 13. Qd3 a3 14. b3 Ra7 15. h4
Rc8 16. exd6 cxd6 17. Ng5 Bxg5 18. hxg5 Qe7 19. Bxb7 Rxb7 20. Nf3 Rbc7 21. Rac1
Nd7 22. Rfe1 Nf8 23. d5 Rc5 24. c4 Qd7 25. Kg2 exd5 26. Nd2 Ng6 27. f4 dxc4 28.
bxc4 bxc4 29. Qxa3 Qg4 30. Qf3 {picur resigns} 0-1

[Event "ICS rated blitz match"]
[Site "204.178.125.65"]
[Date "2001.09.19"]
[Round "?"]
[White "Hossa"]
[Black "Prophylax"]
[Result "1-0"]
[WhiteElo "2606"]
[BlackElo "2194"]
[PlyCount "51"]
[EventDate "2001.??.??"]

1. d4 Nf6 2. c4 g6 3. Nc3 d5 4. cxd5 Nxd5 5. Bd2 Bg7 6. e4 Nb6 7. Be3 O-O 8.
Be2 Nc6 9. Nf3 Bg4 10. d5 Na5 11. Bxb6 axb6 12. O-O c6 13. Rc1 cxd5 14. exd5
Rc8 15. Re1 Qd6 16. Nd4 Bxe2 17. Rxe2 Rc4 18. Ndb5 Qc5 19. Re1 Rc8 20. Qe2 h6
21. Qxe7 Qxb5 22. Nxb5 Rxc1 23. Nd6 Rxe1+ 24. Qxe1 Rd8 25. Qe7 Rf8 26. b4 {
Prophylax resigns} 1-0

[Event "ICS rated blitz match"]
[Site "204.178.125.65"]
[Date "2001.09.19"]
[Round "?"]
[White "Hossa"]
[Black "Prophylax"]
[Result "1-0"]
[WhiteElo "2580"]
[BlackElo "2220"]
[PlyCount "33"]
[EventDate "2001.??.??"]

1. e4 c5 2. Nf3 d6 3. d4 cxd4 4. c3 dxc3 5. Nxc3 Nf6 6. Bc4 e6 7. O-O Be7 8. e5
dxe5 9. Qxd8+ Bxd8 10. Nxe5 O-O 11. Bf4 Nbd7 12. Rfd1 Nxe5 13. Bxe5 Nd7 14. Bd6
Re8 15. Ne4 b6 16. Bb5 Be7 17. Bc6 {Prophylax resigns} 1-0

[Event "ICS rated blitz match"]
[Site "204.178.125.65"]
[Date "2001.09.19"]
[Round "?"]
[White "Fuentes"]
[Black "Hossa"]
[Result "0-1"]
[WhiteElo "2188"]
[BlackElo "2584"]
[PlyCount "31"]
[EventDate "2001.??.??"]

1. e4 e5 2. Nf3 Nf6 3. Nc3 Nc6 4. Bc4 Nxe4 5. Bxf7+ Kxf7 6. Nxe4 d5 7. Nc3 e4
8. Ng1 Bf5 9. f3 Bc5 10. fxe4 dxe4 11. Nge2 Qh4+ 12. g3 Ne5 13. Nf4 Qe7 14.
Ncd5 Qd6 15. Rf1 Bg4 16. Ne2+ {Fuentes resigns} 0-1

[Event "ICS Rated blitz match"]
[Site "204.178.125.65"]
[Date "2001.09.19"]
[Round "?"]
[White "RAFFAELE"]
[Black "Hossa"]
[Result "0-1"]
[WhiteElo "2238"]
[BlackElo "2587"]
[PlyCount "60"]
[EventDate "2001.??.??"]

1. e4 e5 2. Nf3 Nf6 3. Nxe5 d6 4. Nf3 Nxe4 5. Nc3 Nxc3 6. bxc3 Be7 7. d4 d5 8.
Rb1 O-O 9. Bd3 c5 10. dxc5 Qa5 11. O-O Qxa2 12. Rb2 Qa5 13. Rb5 Qc7 14. Nd4 Nd7
15. Nf5 Nxc5 16. Nxe7+ Qxe7 17. Ba3 b6 18. Qh5 f5 19. Qf3 Be6 20. Re1 Rae8 21.
h3 Qd6 22. Rbb1 g6 23. Qe3 f4 24. Qd4 f3 25. Re3 fxg2 26. Rbe1 Qc7 27. Bb5 Re7
28. Qh4 Rf4 29. Qg3 Ne4 30. Qxg2 Rxf2 {RAFFAELE resigns} 0-1

[Event "ICS rated blitz match"]
[Site "204.178.125.65"]
[Date "2001.09.19"]
[Round "?"]
[White "RAFFAELE"]
[Black "Hossa"]
[Result "0-1"]
[WhiteElo "2262"]
[BlackElo "2563"]
[PlyCount "70"]
[EventDate "2001.??.??"]

1. e4 e5 2. Nf3 Nc6 3. Bb5 a6 4. Ba4 Nf6 5. d3 b5 6. Bb3 Be7 7. O-O d5 8. Nc3
dxe4 9. Ng5 O-O 10. dxe4 Nd4 11. h3 b4 12. Nxf7 Rxf7 13. Bxf7+ Kxf7 14. f4 Bc5
15. Kh1 Nc6 16. fxe5 Qxd1 17. Nxd1 Nxe5 18. Be3 Bxe3 19. Nxe3 Bb7 20. Rad1 Kg6
21. Rd4 Nxe4 22. Rf4 Ng3+ 23. Kh2 Ne2 24. Rxb4 Nxf4 25. Rxb7 c6 26. Rb6 Kf6 27.
Ng4+ Nxg4+ 28. hxg4 Kg5 29. Rxc6 Kxg4 30. b4 Rd8 31. Rc3 g5 32. Rg3+ Kf5 33. c4
Rd2 34. a4 h5 35. b5 g4 {RAFFAELE resigns} 0-1

[Event "ICS rated blitz match"]
[Site "204.178.125.65"]
[Date "2001.09.20"]
[Round "?"]
[White "Hossa"]
[Black "LrGenius"]
[Result "1-0"]
[WhiteElo "2570"]
[BlackElo "2528"]
[PlyCount "67"]
[EventDate "2001.??.??"]

1. d4 Nf6 2. c4 e6 3. Nf3 b6 4. Bf4 Bb7 5. e3 c5 6. Be2 Nc6 7. d5 exd5 8. cxd5
Nb4 9. d6 Nbd5 10. Be5 Qb8 11. Nc3 Bxd6 12. Bxd6 Qxd6 13. e4 Nxe4 14. Nxe4 Qe7
15. Ng3 Nf4 16. Nf5 Qxe2+ 17. Qxe2+ Nxe2 18. Kxe2 Ba6+ 19. Ke3 O-O 20. Nd6 g6
21. b4 cxb4 22. Rab1 Kg7 23. Rxb4 Kf6 24. Rd1 h5 25. Rf4+ Kg7 26. Ne5 f6 27.
Nxd7 Rfd8 28. Nxf6 g5 29. Rf5 Kg6 30. Nfe4 Rf8 31. Rxg5+ Kh6 32. Rdd5 Rae8 33.
Rxh5+ Kg6 34. Rdg5# {LrGenius checkmated} 1-0

[Event "ICS rated blitz match"]
[Site "204.178.125.65"]
[Date "2001.09.20"]
[Round "?"]
[White "LrGenius"]
[Black "Hossa"]
[Result "0-1"]
[WhiteElo "2514"]
[BlackElo "2584"]
[PlyCount "36"]
[EventDate "2001.??.??"]

1. e4 e5 2. Nf3 Nc6 3. d4 exd4 4. Nxd4 Bc5 5. Be3 Bxd4 6. Bxd4 Nf6 7. Nc3 O-O
8. Qd2 Nxe4 9. Nxe4 Re8 10. f3 d5 11. O-O-O dxe4 12. fxe4 Bg4 13. Bb5 Bxd1 14.
Bxc6 bxc6 15. Rxd1 Rxe4 16. Qc3 Qg5+ 17. Kb1 Rd8 18. b4 Qg4 {LrGenius resigns}
0-1

[Event "ICS rated blitz match"]
[Site "204.178.125.65"]
[Date "2001.09.20"]
[Round "?"]
[White "Hossa"]
[Black "LrGenius"]
[Result "1-0"]
[WhiteElo "2597"]
[BlackElo "2501"]
[PlyCount "127"]
[EventDate "2001.??.??"]

1. e4 e6 2. d4 d5 3. Nc3 Bb4 4. e5 c5 5. a3 Bxc3+ 6. bxc3 Ne7 7. Qg4 Kf8 8. h4
Qa5 9. Bd2 Qa4 10. Bd3 c4 11. Be2 Qxc2 12. Nf3 Nbc6 13. O-O Na5 14. Bd1 Qf5 15.
Qxf5 Nxf5 16. Ba4 a6 17. Rab1 h6 18. Rb6 Ke7 19. g4 Nxh4 20. Nxh4 Kd8 21. Nf3
Kc7 22. Rbb1 Bd7 23. Bc2 b5 24. Kg2 Nc6 25. Bf4 Rhb8 26. Be3 a5 27. Bd2 Be8 28.
Rh1 Rb7 29. Rh2 Rab8 30. g5 hxg5 31. Kg3 b4 32. cxb4 axb4 33. Bxb4 Nxb4 34.
axb4 Rxb4 35. Rc1 f6 36. Rh7 fxe5 37. Rxg7+ Kd6 38. dxe5+ Kc5 39. Nxg5 R8b6 40.
Re7 Ba4 41. Nxe6+ Kb5 42. Bxa4+ Rxa4 43. Rb1+ Rb4 44. Rd1 c3 45. Rxd5+ Kc4 46.
Rc5+ Kb3 47. f4 c2 48. f5 Kb2 49. Rec7 Rb3+ 50. Kg4 c1=Q 51. Rxc1 R3b4+ 52.
R7c4 Rxc4+ 53. Rxc4 Kb3 54. f6 Kxc4 55. f7 Rxe6 56. Kf4 Ra6 57. e6 Kc3 58. Kf5
Kd3 59. e7 Ke3 60. e8=Q+ Kf3 61. f8=R Ra5+ 62. Kg6+ Kg3 63. Qe3+ Kg4 64. Rf4# {
LrGenius checkmated} 1-0

[Event "ICS rated blitz match"]
[Site "204.178.125.65"]
[Date "2001.09.20"]
[Round "?"]
[White "LrGenius"]
[Black "Hossa"]
[Result "0-1"]
[WhiteElo "2489"]
[BlackElo "2609"]
[PlyCount "118"]
[EventDate "2001.??.??"]

1. e4 e5 2. Nf3 Nc6 3. d4 exd4 4. Nxd4 Bc5 5. Be3 Qf6 6. c3 Nge7 7. Bb5 Qg6 8.
Qf3 Ne5 9. Qg3 Qxg3 10. hxg3 a6 11. Be2 d6 12. Nd2 Ng4 13. Bxg4 Bxg4 14. f3 Bd7
15. Kf2 Ba7 16. N4b3 b6 17. Nd4 c5 18. Ne2 d5 19. Nf4 dxe4 20. Nxe4 O-O 21.
Rad1 Rfd8 22. Rd2 Bc6 23. Rhd1 Rxd2+ 24. Rxd2 Re8 25. Nd6 Rd8 26. Nc4 Rxd2+ 27.
Bxd2 f6 28. g4 g5 29. Nh5 Kf7 30. g3 b5 31. Ne3 c4 32. Ke2 Kg6 33. f4 Bd7 34.
f5+ Bxf5 35. Nxf5 Nxf5 36. gxf5+ Kxh5 37. Kf3 Bb6 38. g4+ Kh4 39. Be1+ Kh3 40.
Bg3 Bc5 41. Bc7 Bf8 42. b3 Be7 43. bxc4 bxc4 44. a4 Bf8 45. Bg3 h5 46. gxh5 g4+
47. Kf2 Bc5+ 48. Ke2 Kxg3 49. h6 Bf8 50. h7 Bg7 51. Ke3 Kh3 52. Kd4 g3 53. Kxc4
g2 54. Kd5 Kg4 55. Ke6 g1=Q 56. Kf7 Kxf5 57. Kg8 Bh6+ 58. Kf7 Qe1 59. h8=Q Qe6#
{LrGenius checkmated} 0-1

[Event "ICS rated blitz match"]
[Site "204.178.125.65"]
[Date "2001.09.20"]
[Round "?"]
[White "Hossa"]
[Black "overdrawn-check"]
[Result "1-0"]
[WhiteElo "2620"]
[BlackElo "2092"]
[PlyCount "89"]
[EventDate "2001.??.??"]

1. a3 d6 2. d4 e5 3. dxe5 dxe5 4. Qxd8+ Kxd8 5. e4 c6 6. Bc4 f6 7. Ne2 Kc7 8.
O-O b5 9. Bd3 Bb7 10. Bd2 Bc5 11. b4 Bb6 12. a4 a6 13. Rd1 Nd7 14. Ng3 Ne7 15.
Nc3 Rad8 16. Nh5 Rhg8 17. axb5 axb5 18. Na2 g6 19. Ng3 Nf8 20. Bh6 Ne6 21. Bc1
Ra8 22. Bd2 Rgd8 23. Ne2 Nd4 24. Nec1 Ne6 25. Nb3 Nd4 26. Na5 Bxa5 27. bxa5 Ba6
28. Bb4 Rd7 29. Bc5 Ne6 30. Bb6+ Kb7 31. Be2 Nd4 32. Bg4 f5 33. exf5 gxf5 34.
Bh5 Rd5 35. Nb4 Rd6 36. f4 Rh6 37. fxe5 Rxh5 38. Rxd4 Nd5 39. Nxd5 cxd5 40.
Rxd5 Rc8 41. Rd7+ Kb8 42. Ra7 Bb7 43. a6 Ba8 44. Rg7 Rh6 45. Ba7# {
overdrawn-check checkmated} 1-0

[Event "ICS Rated standard match"]
[Site "204.178.125.65"]
[Date "2001.09.20"]
[Round "?"]
[White "Hossa"]
[Black "Yace"]
[Result "0-1"]
[WhiteElo "2355"]
[BlackElo "2568"]
[PlyCount "138"]
[EventDate "2001.??.??"]

1. c4 e5 2. Nc3 Nf6 3. Nf3 Nc6 4. g3 Bb4 5. Bg2 O-O 6. Nd5 e4 7. Nh4 Bc5 8. Rb1
Re8 9. b4 Nxd5 10. bxc5 Nf4 11. gxf4 Qxh4 12. Rb3 b6 13. Re3 Bb7 14. d3 exd3
15. Rxd3 Na5 16. Rh3 Qe7 17. Bxb7 Nxb7 18. cxb6 axb6 19. a3 Qe4 20. Rg1 Nc5 21.
Rc3 g6 22. Be3 d6 23. h4 Qf5 24. Bxc5 dxc5 25. Qc1 Rad8 26. Re3 Rxe3 27. fxe3
Qh3 28. Kf2 Qxh4+ 29. Kf3 Re8 30. Rh1 Qe7 31. Kf2 h5 32. Rg1 Qh4+ 33. Kf3 Qh3+
34. Rg3 Qf5 35. Rg1 Kf8 36. Qc3 Qh3+ 37. Kf2 Re4 38. Qd3 Qh4+ 39. Kg2 Re6 40.
Rh1 Qg4+ 41. Kf2 Rd6 42. Qc3 Ke7 43. Qb2 Kd7 44. Qb5+ Kd8 45. Qb2 Qe6 46. Qc2
Ke7 47. Rg1 Kf8 48. Rh1 Rd8 49. Qc3 Ke7 50. Qc2 Kf8 51. Qc3 Qe4 52. Rg1 Ke7 53.
Qc1 h4 54. Rg5 f6 55. Rg1 Rg8 56. Rh1 g5 57. Rh2 gxf4 58. exf4 Qg6 59. Qe3+ Kf7
60. Ke1 Qb1+ 61. Kd2 Rd8+ 62. Kc3 Qa2 63. Qf3 Qxa3+ 64. Kc2 Qa2+ 65. Kc1 Qxc4+
66. Kb1 Rd1+ 67. Kb2 Rd2+ 68. Kb1 Qc2+ 69. Ka1 Rd1# {Hossa checkmated} 0-1

[Event "ICS Rated blitz match"]
[Site "204.178.125.65"]
[Date "2001.09.20"]
[Round "?"]
[White "Expert13"]
[Black "Hossa"]
[Result "0-1"]
[WhiteElo "1412"]
[BlackElo "2621"]
[PlyCount "26"]
[EventDate "2001.??.??"]

1. d4 d5 2. c4 c6 3. Nc3 e6 4. Nf3 dxc4 5. Bf4 Bd6 6. Bxd6 Qxd6 7. e3 b5 8. Rc1
Nf6 9. Qc2 O-O 10. Nd1 c5 11. dxc5 Qxc5 12. b3 Qb4+ 13. Qc3 Nd5 {
Expert13 resigns} 0-1

[Event "ICS rated blitz match"]
[Site "204.178.125.65"]
[Date "2001.09.20"]
[Round "?"]
[White "superfreak"]
[Black "Hossa"]
[Result "0-1"]
[WhiteElo "2208"]
[BlackElo "2621"]
[PlyCount "116"]
[EventDate "2001.??.??"]

1. d3 d5 2. a3 e5 3. e4 dxe4 4. dxe4 Qxd1+ 5. Kxd1 Nf6 6. Nc3 Bc5 7. f3 Be6 8.
Bg5 Nbd7 9. Bd3 O-O-O 10. Ke2 Bd4 11. Be3 Bxc3 12. bxc3 Nb6 13. Bxb6 axb6 14.
a4 c5 15. c4 Ne8 16. a5 b5 17. Ke3 bxc4 18. Be2 Nc7 19. Nh3 f6 20. Nf2 Na6 21.
c3 Rd6 22. Rhd1 Rhd8 23. Rxd6 Rxd6 24. Ra4 Kd7 25. Bxc4 Bxc4 26. Rxc4 Kc6 27.
Ra4 Kb5 28. Ra1 Rd7 29. g3 Kc4 30. Ra3 Nc7 31. f4 Nb5 32. Ra4+ Kxc3 33. a6 bxa6
34. Rxa6 Nd4 35. Ra3+ Kc4 36. Ra4+ Kb3 37. Ra6 c4 38. Rb6+ Kc3 39. fxe5 fxe5
40. Ng4 Nc2+ 41. Kf3 Rf7+ 42. Kg2 Ne1+ 43. Kh3 Kd4 44. Rd6+ Kxe4 45. Re6 Rf5
46. Kh4 Nf3+ 47. Kh3 Ng5+ 48. Kg2 Nxe6 49. Nf2+ Rxf2+ 50. Kxf2 c3 51. Ke2 Nd4+
52. Kd1 Kd3 53. Kc1 e4 54. g4 e3 55. g5 e2 56. Kb1 e1=Q+ 57. Ka2 Qc1 58. g6
Qb2# {superfreak checkmated} 0-1

[Event "ICS rated blitz match"]
[Site "204.178.125.65"]
[Date "2001.09.20"]
[Round "?"]
[White "Hossa"]
[Black "Deep-Katzparov"]
[Result "0-1"]
[WhiteElo "2624"]
[BlackElo "2840"]
[PlyCount "116"]
[EventDate "2001.??.??"]

1. c4 Nf6 2. Nc3 e5 3. Nf3 Nc6 4. g3 Bb4 5. Bg2 O-O 6. O-O e4 7. Ne1 Bxc3 8.
dxc3 h6 9. Nc2 Re8 10. c5 Qe7 11. Be3 b6 12. cxb6 axb6 13. Nd4 Ne5 14. Nf5 Qf8
15. Bf4 Ng6 16. Bxc7 Qc5 17. Nd6 Re6 18. Bh3 Qxc7 19. Bxe6 dxe6 20. Nb5 Qc6 21.
Qd8+ Kh7 22. Nd4 Qb7 23. Qd6 e5 24. Nc2 Be6 25. a3 Qa6 26. Rfe1 Qb5 27. Nb4 Bb3
28. Qd2 Ra7 29. Qe3 Rd7 30. Qc1 Ne7 31. a4 Qc4 32. a5 bxa5 33. Rxa5 Ned5 34.
Nxd5 Nxd5 35. Qb1 f5 36. Ra3 Rd8 37. Qc1 Qb5 38. Qd2 Rd7 39. Qc1 Nb6 40. g4 Nc4
41. Ra1 fxg4 42. Ra8 Rd2 43. Qb1 Qb7 44. Re8 Rxb2 45. Qa1 Ra2 46. Qc1 Qb6 47.
Kg2 e3 48. Rf8 Nd2 49. c4 Qc5 50. Rb8 Qc6+ 51. Kg3 Ne4+ 52. Kg2 Nxf2+ 53. Kg3
Ne4+ 54. Kg2 Rxe2+ 55. Kg1 Rg2+ 56. Kxg2 Ng5+ 57. Kg3 Qf3+ 58. Kh4 Qh3# {
Hossa checkmated} 0-1